Statistics for 10 longest NBA suspensions

Click here to take the quiz!

General Stats

  • This quiz has been taken 6,335 times
    (6,334 since last reset)
  • The average score is 2 of 10

Answer Stats

HintAnswer% Correct
86Ron Artest
90%
15Jermaine O'Neal
37%
11Dennis Rodman
30%
30Stephen Jackson
30%
50Gilbert Arenas
19%
15Carmelo Anthony
14%
68Latrell Sprewell
13%
26Kermit Washington
7%
38Javaris Crittenton
4%
10Vernon Maxwell
3%

Score Distribution

Percentile by Number Answered

Percent of People with Each Score

Your Score History

You have not taken this quiz since the last reset